ბათუმის შოთა რუსთაველის სახელმწიფო უნივერსიტეტის ბიბლიოთეკა

Сахарный тростник (ბიბ.ჩანაწერი № 45869)

000 -LEADER
fixed length control field 00687nam a2200229Ia 4500
001 - CONTROL NUMBER
control field 12698
003 - CONTROL NUMBER IDENTIFIER
control field GE_BSU
008 - FIXED-LENGTH DATA ELEMENTS--GENERAL INFORMATION
fixed length control field 181216s||||||||xx |||||||||||||| ||und||
040 ## - CATALOGING SOURCE
Transcribing agency GE_BSU
080 ## - UNIVERSAL DECIMAL CLASSIFICATION NUMBER
Universal Decimal Classification number 633.61
100 ## - MAIN ENTRY--PERSONAL NAME
Personal name Баранов,В.Д.
245 ## - TITLE STATEMENT
Title Сахарный тростник
245 ## - TITLE STATEMENT
Remainder of title Биология возделывание в тропиках и субтропиках
245 ## - TITLE STATEMENT
Statement of responsibility, etc. Ред.Ж.В.Медведева
260 ## - PUBLICATION, DISTRIBUTION, ETC.
Place of publication, distribution, etc. Москва
260 ## - PUBLICATION, DISTRIBUTION, ETC.
Name of publisher, distributor, etc. Изд-во ун-та дружбы народов
260 ## - PUBLICATION, DISTRIBUTION, ETC.
Date of publication, distribution, etc. 1991
300 ## - PHYSICAL DESCRIPTION
Extent 191стр.21см.
300 ## - PHYSICAL DESCRIPTION
Accompanying material Приложение
653 ## - INDEX TERM--UNCONTROLLED
Uncontrolled term Сахарный тростник
942 ## - ADDED ENTRY ELEMENTS (KOHA)
Koha item type წიგნი
ეგზემპლარები
Withdrawn status Lost status Damaged status Not for loan Date acquired Barcode Date last seen Price effective from Koha item type
        2018-12-17 20735 2018-12-17 2018-12-17 წიგნი